| 000 | 00945 a2200253 4500 | ||
|---|---|---|---|
| 003 | Nust | ||
| 005 | 20170207171638.0 | ||
| 020 | _a0 | ||
| 020 | _a0 | ||
| 020 | _a9780511535017 (eBook) | ||
| 035 | _a(Wa | ||
| 040 | _cNust | ||
| 082 | 0 | 4 | _a539.72112,WAL |
| 100 | 1 | _aWalecka, John Dirk, | |
| 245 | 1 | 0 |
_aElectron scattering for nuclear and nucleon structure- (E-Book) _h[Elektronisk resurs] _cJohn Dirk Walecka. |
| 260 |
_aCambridge ; _aNew York : _bCambridge University Press, _c2001. |
||
| 300 |
_axiii, 363 p. : _bill. ; _c26 cm. |
||
| 440 | 0 |
_aCambridge monographs on particle physics, nuclear physics, and cosmology ; _v16 |
|
| 505 | _aPart 1: Introduction (Page-1) Part 2: General analysis (Page-29) Part 3: Quantum electrodynamics (Page-127) Part 4: Selected examples (Page-145) Part 5: Future directions (Page-261) | ||
| 650 | 7 |
_aElectrons _xScattering |
|
| 650 | 7 | _aNuclear structure | |
| 651 | _aE-Book | ||
| 655 | 7 | _aElectronic books. | |
| 942 |
_2ddc _cBK |
||
| 999 |
_c218038 _d218038 |
||